[Event "Sunnyvale 1000 GM Winter 12"]
[Site "Sunnyvale"]
[Date "2023.12.30"]
[Round "8"]
[White "Arutla, Aditya"]
[Black "Mosquera Klinger, Miguel Alonso"]
[Result "1-0"]
[WhiteElo "2132"]
[BlackElo "2362"]
[PlyCount "87"]
[EventDate "2023.12.26"]
[EventType "schev"]
[EventRounds "9"]
[EventCountry "USA"]
[SourceTitle "CB01_2024"]
[SourceDate "2024.01.03"]
[SourceVersion "1"]
[SourceVersionDate "2024.01.03"]
[SourceQuality "1"]

1. e4 c5 2. Nf3 d6 3. d4 cxd4 4. Nxd4 Nf6 5. Nc3 a6 6. Be3 e6 7. a3 b5 8. g4 Bb7 9. Bg2 Be7 10. g5 Nfd7 11. h4 Nc6 12. Qe2 Qa5 13. Nb3 Qc7 14. f4 Nb6 15. 0-0-0 Nc4 16. Bg1 0-0 17. f5 Rfe8 18. Qf2 Rad8 19. f6 Bf8 20. h5 N6e5 21. Rh3 Rb8 22. Qh4 Bc6 23. g6 gxf6 24. gxh7+ Kxh7 25. Qxf6 Qe7 26. Qf1 Bh6+ 27. Kb1 b4 28. axb4 Rxb4 29. Na2 Rb7 30. Bd4 Bb5 31. Qe1 Reb8 32. Nc3 Be8 33. Bf1 a5 34. Qg3 Qg5 35. Qf2 Qf4 36. Qg2 Rxb3 37. cxb3 Nd2+ 38. Ka2 Nef3 39. Ba7 Rb7 40. Be2 Nh4 41. Qf2 Qxf2 42. Bxf2 Ng2 43. Rg3 Nh4 44. Rh1 1-0

[Event "Sunnyvale 1000 GM Winter 12"]
[Site "Sunnyvale"]
[Date "2023.12.26"]
[Round "1"]
[White "Mosquera Klinger, Miguel Alonso"]
[Black "Oberoi, Shelev"]
[Result "0-1"]
[WhiteElo "2362"]
[BlackElo "2205"]
[PlyCount "158"]
[EventDate "2023.12.26"]
[EventType "schev"]
[EventRounds "9"]
[EventCountry "USA"]
[SourceTitle "CB01_2024"]
[SourceDate "2024.01.03"]
[SourceVersion "1"]
[SourceVersionDate "2024.01.03"]
[SourceQuality "1"]

1. d4 Nf6 2. Nf3 e6 3. c4 b6 4. g3 Ba6 5. Qa4 Bb7 6. Bg2 c5 7. dxc5 bxc5 8. 0-0 Be7 9. Nc3 0-0 10. Rd1 Qb6 11. Qb5 Qc7 12. Bf4 d6 13. Qb3 a6 14. Qc2 Nc6 15. e4 Nd4 16. Qd3 Nd7 17. Rac1 Ne5 18. Bxe5 dxe5 19. Ne2 Bc6 20. Nexd4 exd4 21. Qc2 e5 22. Ne1 Kh8 23. Qe2 g6 24. Nd3 Bd6 25. Re1 a5 26. f4 f6 27. fxe5 fxe5 28. Rf1 Qe7 29. h4 Bd7 30. Kh2 Be6 31. Bh3 Rxf1 32. Qxf1 Rf8 33. Qe2 Bg8 34. Bg2 Kg7 35. Qd2 Bc7 36. b3 Be6 37. Rf1 Ra8 38. Qg5 Qxg5 39. hxg5 Bg4 40. Bf3 Bxf3 41. Rxf3 Bd6 42. Rf6 Rd8 43. Kh3 h6 44. Kg4 hxg5 45. Rf2 Rh8 46. Kxg5 Rh1 47. Kg4 Rd1 48. Nb2 Re1 49. Kf3 Re3+ 50. Kg2 Rxe4 51. Rd2 Re3 52. Nd1 Re1 53. Kf2 Rh1 54. Kg2 Rh8 55. Nf2 Rb8 56. Kf3 Kf6 57. Ke4 Ke6 58. Nd3 Rh8 59. a3 Rh1 60. b4 axb4 61. axb4 cxb4 62. c5 Bc7 63. Ra2 b3 64. Ra6+ Kd7 65. Kd5 Rd1 66. c6+ Kc8 67. Ra8+ Bb8 68. Nb2 Rc1 69. Ra3 Rc3 70. g4 d3 71. Ra1 d2 72. Rf1 Bc7 73. Rd1 Rc2 74. Nc4 b2 75. Na3 Rc1 76. Rxd2 b1Q 77. Nxb1 Rxb1 78. Rf2 Rd1+ 79. Kc5 Bd6+ 0-1

[Event "Sunnyvale 1000 GM Thanksgiving GM"]
[Site "Sunnyvale"]
[Date "2023.11.25"]
[Round "6"]
[White "Tang, Dylan"]
[Black "Mosquera Klinger, Miguel Alonso"]
[Result "0-1"]
[WhiteElo "2234"]
[BlackElo "2371"]
[PlyCount "84"]
[EventDate "2023.11.22"]
[EventType "schev"]
[EventRounds "9"]
[EventCountry "USA"]
[SourceTitle "CB48_2023"]
[SourceDate "2023.11.29"]
[SourceVersion "1"]
[SourceVersionDate "2023.11.29"]
[SourceQuality "1"]

1. e4 e6 2. d4 d5 3. Nd2 Nf6 4. e5 Nfd7 5. Bd3 c5 6. c3 Nc6 7. Ne2 Qb6 8. Nf3 cxd4 9. cxd4 f6 10. exf6 Nxf6 11. 0-0 Bd6 12. Bd2 0-0 13. Bc3 Nh5 14. Qc2 h6 15. Bh7+ Kh8 16. Nh4 Ne7 17. Ng6+ Nxg6 18. Bxg6 Nf4 19. Nxf4 Rxf4 20. g3 Rf6 21. Kg2 Bd7 22. f4 Raf8 23. Rae1 Bc6 24. Bd3 Qc7 25. Qe2 a6 26. a3 Be8 27. Qg4 Bxa3 28. Rxe6 Bd7 29. f5 Bxe6 30. fxe6 Bd6 31. Qh5 Qc6 32. Rxf6 Rxf6 33. g4 Kg8 34. g5 Rxe6 35. Bf5 Qe8 36. Bxe6+ Qxe6 37. gxh6 gxh6 38. h3 Kh7 39. Qd1 Qe4+ 40. Kg1 Qe3+ 41. Kf1 Qxh3+ 42. Ke1 Qh1+ 0-1

[Event "Sunnyvale 1000 GM Thanksgiving GM"]
[Site "Sunnyvale"]
[Date "2023.11.23"]
[Round "2"]
[White "Rajaram, Rohan"]
[Black "Mosquera Klinger, Miguel Alonso"]
[Result "1/2-1/2"]
[WhiteElo "2141"]
[BlackElo "2371"]
[PlyCount "57"]
[EventDate "2023.11.22"]
[EventType "schev"]
[EventRounds "9"]
[EventCountry "USA"]
[SourceTitle "CB48_2023"]
[SourceDate "2023.11.29"]
[SourceVersion "1"]
[SourceVersionDate "2023.11.29"]
[SourceQuality "1"]

1. d4 d5 2. c4 c6 3. Nf3 Nf6 4. Qb3 g6 5. cxd5 cxd5 6. Nc3 Nc6 7. Bf4 Bg7 8. e3 0-0 9. Be2 Na5 10. Qb4 Bg4 11. h3 Bxf3 12. Bxf3 Rc8 13. 0-0 Re8 14. Qb5 e6 15. Qd3 Bf8 16. Rac1 Qb6 17. b3 Nc6 18. Na4 Qa5 19. Bg5 Ne4 20. Bf4 Nd2 21. Rfd1 Nxf3+ 22. gxf3 Ba3 23. Rb1 Nb4 24. Qe2 Rc2 25. Rd2 Rec8 26. Bd6 Rxd2 27. Qxd2 Qb5 28. e4 Qa5 29. Bf4 1/2-1/2

[Event "Titled Tuesday intern op 31st Jan Late"]
[Site "Chess.com INT"]
[Date "2023.01.31"]
[Round "8"]
[White "Drnovsek, Gal"]
[Black "Mosquera Klinger, Miguel Alonso"]
[Result "1-0"]
[WhiteElo "2397"]
[BlackElo "2371"]
[PlyCount "67"]
[EventDate "2023.01.31"]
[EventType "swiss (blitz)"]
[EventRounds "11"]
[EventCountry "USA"]
[SourceTitle "CBM 212 Extra"]
[Source "ChessBase"]
[SourceDate "2023.03.31"]
[SourceVersion "1"]
[SourceVersionDate "2023.03.31"]
[SourceQuality "1"]

1. e4 c5 2. c3 Nf6 3. e5 Nd5 4. d4 e6 5. Nf3 Nc6 6. Bc4 Nb6 7. Bb3 c4 8. Bc2 d6 9. exd6 Bxd6 10. 0-0 Qc7 11. b3 Bd7 12. Nbd2 Ne7 13. Ne4 0-0-0 14. Nxd6+ Qxd6 15. a4 Kb8 16. Ba3 Qc7 17. Bxe7 Rde8 18. Bh4 f5 19. a5 Nd5 20. bxc4 Nxc3 21. Qd2 Qxc4 22. Bg3+ Ka8 23. Bd3 Qb3 24. a6 Ne4 25. axb7+ Qxb7 26. Bxe4 fxe4 27. Ne5 Bb5 28. Rfb1 a6 29. Qa5 Rb8 30. Nc4 Ka7 31. Bxb8+ Rxb8 32. Nd6 Qc6 33. Nxb5+ Rxb5 34. Qxb5 1-0

[Event "Titled Tuesday intern op 31st Jan Early"]
[Site "Chess.com INT"]
[Date "2023.01.31"]
[Round "11"]
[White "Mione, Dario"]
[Black "Mosquera Klinger, Miguel Alonso"]
[Result "1-0"]
[WhiteElo "2228"]
[BlackElo "2371"]
[PlyCount "85"]
[EventDate "2023.01.31"]
[EventType "swiss (blitz)"]
[EventRounds "11"]
[EventCountry "USA"]
[SourceTitle "CBM 212 Extra"]
[Source "ChessBase"]
[SourceDate "2023.03.31"]
[SourceVersion "1"]
[SourceVersionDate "2023.03.31"]
[SourceQuality "1"]

1. Nf3 d5 2. e3 Nf6 3. b3 c5 4. Bb2 Nc6 5. d4 e6 6. c4 Be7 7. Nbd2 0-0 8. Rc1 Re8 9. Bd3 Nb4 10. Bb1 b6 11. 0-0 Bb7 12. Ne5 Rc8 13. Ndf3 Nd7 14. Bxh7+ Kxh7 15. Nxf7 Qc7 16. N3g5+ Bxg5 17. Nxg5+ Kg6 18. f4 Nf6 19. a3 dxc4 20. axb4 Qc6 21. Rf3 cxd4 22. Bxd4 Qd5 23. Rg3 Nh5 24. e4 Qd7 25. Nxe6+ Nxg3 26. Qg4+ Kh7 27. Ng5+ Kg8 28. Qxd7 Ne2+ 29. Kf2 Nxd4 30. Qf7+ Kh8 31. Qh5+ Kg8 32. Qh7+ Kf8 33. Qh8+ Ke7 34. Qxg7+ Kd6 35. Qxb7 Rc7 36. Qd5+ Ke7 37. Qxd4 Rd7 38. Qe5+ Kd8 39. Ne6+ Kc8 40. Rxc4+ Kb7 41. Rc7+ Ka6 42. b5+ Ka5 43. Rxd7 1-0

[Event "Titled Tuesday intern op 31st Jan Late"]
[Site "Chess.com INT"]
[Date "2023.01.31"]
[Round "5"]
[White "Mosquera Klinger, Miguel Alonso"]
[Black "Araujo, Everson de Moura"]
[Result "1-0"]
[WhiteElo "2371"]
[BlackElo "1944"]
[PlyCount "63"]
[EventDate "2023.01.31"]
[EventType "swiss (blitz)"]
[EventRounds "11"]
[EventCountry "USA"]
[SourceTitle "CBM 212 Extra"]
[Source "ChessBase"]
[SourceDate "2023.03.31"]
[SourceVersion "1"]
[SourceVersionDate "2023.03.31"]
[SourceQuality "1"]

1. e4 e6 2. Qe2 d5 3. d4 Nf6 4. Nc3 dxe4 5. Nxe4 Be7 6. Nf3 Nc6 7. c3 Nxe4 8. Qxe4 Bf6 9. Bd3 g6 10. Bh6 Ne7 11. g4 Nd5 12. 0-0-0 Bd7 13. Rhe1 Bc6 14. Qe2 a5 15. Kb1 Be7 16. Ne5 Qd6 17. Nxc6 bxc6 18. c4 Nb4 19. d5 cxd5 20. cxd5 exd5 21. Bf4 Qe6 22. Bb5+ c6 23. Qd2 Qxg4 24. Ba4 Qf5+ 25. Ka1 0-0-0 26. Rxe7 Rd7 27. Rxd7 Qxd7 28. a3 Na6 29. Rc1 c5 30. Be3 d4 31. Bxd4 Kb7 32. Bxd7 1-0

[Event "Titled Tuesday intern op 31st Jan Early"]
[Site "Chess.com INT"]
[Date "2023.01.31"]
[Round "8"]
[White "Mosquera Klinger, Miguel Alonso"]
[Black "Cueto, Jose"]
[Result "0-1"]
[WhiteElo "2371"]
[BlackElo "2134"]
[PlyCount "56"]
[EventDate "2023.01.31"]
[EventType "swiss (blitz)"]
[EventRounds "11"]
[EventCountry "USA"]
[SourceTitle "CBM 212 Extra"]
[Source "ChessBase"]
[SourceDate "2023.03.31"]
[SourceVersion "1"]
[SourceVersionDate "2023.03.31"]
[SourceQuality "1"]

1. e4 e6 2. d4 d5 3. e5 c5 4. c3 Qb6 5. Nf3 Nc6 6. Bd3 cxd4 7. cxd4 Bd7 8. Bc2 Nb4 9. 0-0 Nxc2 10. Qxc2 Rc8 11. Nc3 Ne7 12. a3 Nf5 13. Be3 Be7 14. Qe2 0-0 15. Kh1 Qb3 16. Rab1 a6 17. g4 Nxe3 18. fxe3 Bb5 19. Nxb5 axb5 20. Nd2 Rc2 21. Qd1 Qd3 22. Nf3 Qxd1 23. Rfxd1 Rfc8 24. b4 f6 25. exf6 gxf6 26. Rb3 Rf2 27. Nh4 Rcc2 28. Kg1 Bd6 0-1

[Event "Titled Tuesday intern op 31st Jan Late"]
[Site "Chess.com INT"]
[Date "2023.01.31"]
[Round "11"]
[White "Mosquera Klinger, Miguel Alonso"]
[Black "Garcia Correa, Jose Ricardo"]
[Result "1-0"]
[WhiteElo "2371"]
[BlackElo "2103"]
[PlyCount "91"]
[EventDate "2023.01.31"]
[EventType "swiss (blitz)"]
[EventRounds "11"]
[EventCountry "USA"]
[SourceTitle "CBM 212 Extra"]
[Source "ChessBase"]
[SourceDate "2023.03.31"]
[SourceVersion "1"]
[SourceVersionDate "2023.03.31"]
[SourceQuality "1"]

1. d4 Nf6 2. c4 e6 3. g3 d5 4. Bg2 c6 5. Nf3 Nbd7 6. 0-0 Bd6 7. Bg5 h6 8. Bxf6 Nxf6 9. Nbd2 dxc4 10. e4 Bb4 11. e5 Nd5 12. Nxc4 0-0 13. a3 Be7 14. Rc1 Bd7 15. Re1 Rc8 16. Nfd2 c5 17. Ne4 cxd4 18. Qxd4 Qc7 19. Ncd6 Qxc1 20. Rxc1 Rxc1+ 21. Bf1 f5 22. exf6 Bxf6 23. Nxf6+ Rxf6 24. a4 Rc2 25. Ne4 Rf7 26. Bb5 Bxb5 27. axb5 Rfc7 28. Qe5 Kf7 29. Qh5+ Ke7 30. Qg6 Re2 31. Qxg7+ Kd8 32. Qf8+ Kd7 33. Qf7+ Kd8 34. Qg8+ Ke7 35. Qg7+ Ke8 36. Qg6+ Ke7 37. h4 Rc1+ 38. Kg2 Rxb2 39. Qg7+ Ke8 40. Qxb2 Rc7 41. Nf6+ Nxf6 42. Qxf6 Re7 43. Qxh6 Kd7 44. Qd2+ Kc7 45. h5 Kb6 46. Qd3 1-0

[Event "Titled Tuesday intern op 31st Jan Late"]
[Site "Chess.com INT"]
[Date "2023.01.31"]
[Round "9"]
[White "Novikova, Margarita"]
[Black "Mosquera Klinger, Miguel Alonso"]
[Result "1-0"]
[WhiteElo "2013"]
[BlackElo "2371"]
[PlyCount "61"]
[EventDate "2023.01.31"]
[EventType "swiss (blitz)"]
[EventRounds "11"]
[EventCountry "USA"]
[SourceTitle "CBM 212 Extra"]
[Source "ChessBase"]
[SourceDate "2023.03.31"]
[SourceVersion "1"]
[SourceVersionDate "2023.03.31"]
[SourceQuality "1"]

1. e4 c5 2. Nc3 d6 3. d3 e6 4. g3 Nf6 5. Bg2 Be7 6. Be3 Nc6 7. Nge2 Bd7 8. Qd2 a6 9. Nd1 b5 10. c3 Rb8 11. d4 Na5 12. b3 Bc6 13. f3 0-0 14. 0-0 Qc7 15. Nb2 Rbd8 16. b4 Nc4 17. Nxc4 bxc4 18. Qc2 cxb4 19. cxb4 Qb7 20. Qxc4 d5 21. exd5 Nxd5 22. Bf2 Bb5 23. Qc2 Rc8 24. Qb2 Nxb4 25. Nf4 Rc2 26. Qb3 Bc4 27. Qe3 Bxf1 28. Rxf1 Rxa2 29. Nh5 Nd5 30. Qe5 Qc7 31. Qxg7# 1-0

[Event "Titled Tuesday intern op 24th Jan Late"]
[Site "Chess.com INT"]
[Date "2023.01.24"]
[Round "3"]
[White "Mosquera Klinger, Miguel Alonso"]
[Black "Winkels, Marcel"]
[Result "1-0"]
[WhiteElo "2371"]
[BlackElo "1957"]
[PlyCount "55"]
[EventDate "2023.01.24"]
[EventType "swiss (blitz)"]
[EventRounds "11"]
[EventCountry "USA"]
[SourceTitle "EXT 2024"]
[Source "ChessBase"]
[SourceDate "2023.10.10"]
[SourceVersion "1"]
[SourceVersionDate "2023.10.10"]
[SourceQuality "1"]

1. d4 Nf6 2. c4 g6 3. g3 c6 4. Bg2 d5 5. Nf3 Bg7 6. 0-0 0-0 7. Bf4 dxc4 8. Qc1 b5 9. a4 Bb7 10. Rd1 Nd5 11. Bh6 Nd7 12. Bxg7 Kxg7 13. Nbd2 a6 14. e4 Nb4 15. b3 cxb3 16. Nxb3 a5 17. Qc3 Kg8 18. Nc5 Nxc5 19. dxc5 Qc7 20. Ne5 bxa4 21. Rd7 Qc8 22. Bh3 f5 23. exf5 gxf5 24. Rxe7 Rf6 25. Nd7 Rg6 26. Bxf5 Rg5 27. Qf6 h6 28. Qf7+ 1-0

[Event "Titled Tuesday intern op 17th Jan Late"]
[Site "Chess.com INT"]
[Date "2023.01.17"]
[Round "1"]
[White "Dylag, Emilia"]
[Black "Mosquera Klinger, Miguel Alonso"]
[Result "1/2-1/2"]
[WhiteElo "2052"]
[BlackElo "2371"]
[PlyCount "260"]
[EventDate "2023.01.17"]
[EventType "swiss (blitz)"]
[EventRounds "11"]
[EventCountry "USA"]
[SourceTitle "CBM 212 Extra"]
[Source "ChessBase"]
[SourceDate "2023.03.31"]
[SourceVersion "1"]
[SourceVersionDate "2023.03.31"]
[SourceQuality "1"]

1. d4 d5 2. c4 Nf6 3. Nf3 e6 4. g3 Bb4+ 5. Nbd2 dxc4 6. Bg2 b5 7. 0-0 0-0 8. a3 Be7 9. b3 cxb3 10. Qxb3 c6 11. Bb2 Bb7 12. e4 a5 13. a4 Nbd7 14. Rac1 c5 15. axb5 Nxe4 16. Rfe1 Nxd2 17. Nxd2 Bxg2 18. Kxg2 a4 19. Qe3 Bg5 20. f4 Bf6 21. Ne4 cxd4 22. Bxd4 Bxd4 23. Qxd4 Nb6 24. Qe3 a3 25. Red1 Nd5 26. Qd3 Qb6 27. Re1 a2 28. Ng5 g6 29. Ne4 Rfd8 30. Qb3 Ra5 31. Rc2 Rxb5 32. Qxa2 Ne3+ 33. Rxe3 Qxe3 34. Nf6+ Kg7 35. Qa1 Qd4 36. Qxd4 Rxd4 37. Ng4 Rbd5 38. Kh3 Rh5+ 39. Kg2 Rhd5 40. Kh3 Rd7 41. Ne5 R7d5 42. Rc7 Rxe5 43. fxe5 Rd5 44. Rc4 Rxe5 45. Rf4 Rf5 46. Re4 Kf6 47. Re2 Re5 48. Rf2+ Kg7 49. Rd2 f5 50. Rf2 Rd5 51. Rc2 h5 52. Kg2 Kf6 53. h4 Rd6 54. Re2 e5 55. Rc2 e4 56. Rb2 Ke5 57. Kf2 Kd4 58. Rb4+ Ke5 59. Rb5+ Rd5 60. Rb6 Rd6 61. Rb5+ Kf6 62. Rb4 Rc6 63. Ra4 Rc2+ 64. Ke3 Rc3+ 65. Kf2 Rf3+ 66. Kg2 Rd3 67. Ra6+ Kg7 68. Ra7+ Kh6 69. Ra6 Rb3 70. Ra4 Rb2+ 71. Kh3 e3 72. Ra1 Kg7 73. Re1 Kf6 74. Rxe3 Rb4 75. Re2 Rd4 76. Re1 Rd2 77. Re3 Rc2 78. Re1 Rc4 79. Re3 f4 80. gxf4 Rxf4 81. Rg3 Kf5 82. Rg5+ Kf6 83. Rg3 Re4 84. Rg2 Re3+ 85. Kh2 Re4 86. Kh3 Re1 87. Kh2 Rb1 88. Rf2+ Kg7 89. Kh3 Kh6 90. Rf6 Rb3+ 91. Kh2 Rb4 92. Kh3 Rg4 93. Rd6 Kg7 94. Rd7+ Kh6 95. Rd6 Rf4 96. Rd3 Kg7 97. Rg3 Kf6 98. Rc3 Re4 99. Rf3+ Ke5 100. Rg3 Kf5 101. Rf3+ Rf4 102. Rg3 Rg4 103. Ra3 Ke5 104. Ra5+ Kf4 105. Ra4+ Kf3 106. Ra3+ Ke2 107. Ra2+ Kd3 108. Ra3+ Kc2 109. Ra6 Rg1 110. Ra2+ Kb3 111. Ra7 Rh1+ 112. Kg3 Kc4 113. Ra6 Kb5 114. Re6 Rg1+ 115. Kh3 Rg4 116. Re5+ Kc6 117. Re3 Kd6 118. Rd3+ Ke5 119. Re3+ Kf4 120. Ra3 g5 121. Ra4+ Kf5 122. Ra5+ Kf4 123. Rxg5 Rxg5 124. hxg5 Kxg5 125. Kh2 Kh4 126. Kh1 Kg3 127. Kg1 Kh3 128. Kh1 Kh4 129. Kg1 Kg4 130. Kh1 h4 1/2-1/2

[Event "Titled Tuesday intern op 17th Jan Late"]
[Site "Chess.com INT"]
[Date "2023.01.17"]
[Round "11"]
[White "Mosquera Klinger, Miguel Alonso"]
[Black "Fajdetic, Hrvoje"]
[Result "1-0"]
[WhiteElo "2371"]
[BlackElo "2151"]
[PlyCount "65"]
[EventDate "2023.01.17"]
[EventType "swiss (blitz)"]
[EventRounds "11"]
[EventCountry "USA"]
[SourceTitle "CBM 212 Extra"]
[Source "ChessBase"]
[SourceDate "2023.03.31"]
[SourceVersion "1"]
[SourceVersionDate "2023.03.31"]
[SourceQuality "1"]

1. d4 e6 2. c4 f5 3. g3 Nf6 4. Bg2 Be7 5. Nf3 0-0 6. 0-0 d6 7. Nc3 Ne4 8. Re1 Nxc3 9. bxc3 Bf6 10. Bb2 e5 11. dxe5 dxe5 12. Qd5+ Kh8 13. Rad1 Nc6 14. Ba3 Re8 15. Qf7 Be6 16. Qh5 Qc8 17. e4 g6 18. Qh6 Bg7 19. Qc1 Bxc4 20. Ng5 h6 21. Nf3 Qe6 22. exf5 gxf5 23. Nh4 e4 24. Bh3 Rg8 25. Bxf5 Qf6 26. Ng6+ Kh7 27. Ne7+ Kh8 28. Ng6+ Kh7 29. Nh4+ Kh8 30. Qf4 Rgf8 31. Ng6+ Qxg6 32. Bxg6 Rxf4 33. gxf4 1-0

[Event "Titled Tuesday intern op 17th Jan Late"]
[Site "Chess.com INT"]
[Date "2023.01.17"]
[Round "9"]
[White "Mosquera Klinger, Miguel Alonso"]
[Black "Saya, Ethan"]
[Result "0-1"]
[WhiteElo "2371"]
[BlackElo "2104"]
[PlyCount "130"]
[EventDate "2023.01.17"]
[EventType "swiss (blitz)"]
[EventRounds "11"]
[EventCountry "USA"]
[SourceTitle "CBM 212 Extra"]
[Source "ChessBase"]
[SourceDate "2023.03.31"]
[SourceVersion "1"]
[SourceVersionDate "2023.03.31"]
[SourceQuality "1"]

1. d4 Nf6 2. c4 e6 3. g3 d5 4. Bg2 Be7 5. Nf3 0-0 6. 0-0 dxc4 7. Qc2 a6 8. Qxc4 b5 9. Qc2 Bb7 10. Bg5 Nbd7 11. Nbd2 h6 12. Bxf6 Nxf6 13. e4 Rc8 14. Rfe1 c5 15. Qd3 cxd4 16. Qxd4 Qxd4 17. Nxd4 Rfd8 18. N4b3 Rc2 19. Rac1 Rdxd2 20. Nxd2 Rxd2 21. Rc7 Rd7 22. Rec1 Bd8 23. Rxd7 Nxd7 24. Rd1 Bc8 25. e5 Kf8 26. Rc1 Nb6 27. b3 Ke7 28. Rc6 Bb7 29. Rxb6 Bxg2 30. Rxa6 Bd5 31. Kf1 Bc7 32. Ra7 Kd8 33. f4 Kc8 34. a4 b4 35. Ra6 Bxb3 36. Rc6 Bxa4 37. Rc1 b3 38. Ke2 Kb7 39. Kd3 Ba5 40. Kc4 Kb6 41. Rb1 Bd2 42. Rb2 Bc1 43. Rb1 b2 44. g4 Bc2 45. Rxb2+ Bxb2 46. f5 Bxe5 47. fxe6 fxe6 48. Kb4 Bg6 49. Kc4 Kc6 50. Kb3 Kd6 51. h3 Bh2 52. g5 hxg5 53. Kc4 Bg3 54. Kd4 Bh4 55. Ke3 e5 56. Kf3 Ke6 57. Kg4 Kf6 58. Kf3 Kf5 59. Kg2 e4 60. Kh2 Kf4 61. Kg2 e3 62. Kf1 Kf3 63. Kg1 e2 64. Kh2 Bg3+ 65. Kg1 e1Q# 0-1

[Event "COL-ch Blitz"]
[Site "Villavicencio"]
[Date "2021.11.15"]
[Round "12"]
[White "Sanchez, Sebastian Felipe"]
[Black "Mosquera Klinger, Miguel Alonso"]
[Result "1-0"]
[WhiteElo "2438"]
[BlackElo "2479"]
[PlyCount "21"]
[EventDate "2021.11.15"]
[EventType "swiss (blitz)"]
[EventRounds "13"]
[EventCountry "COL"]
[SourceTitle "CBM 205 Extra"]
[Source "ChessBase"]
[SourceDate "2022.01.31"]
[SourceVersion "1"]
[SourceVersionDate "2022.01.31"]
[SourceQuality "1"]

1. Nf3 Nf6 2. c4 c6 3. e3 d5 4. Nc3 e6 5. b3 Nbd7 6. Bb2 Bd6 7. Qc2 0-0 8. Rg1 e5 9. cxd5 Nxd5 10. Bd3 g6 11. Be2 1-0

[Event "COL-ch Blitz"]
[Site "Villavicencio"]
[Date "2021.11.15"]
[Round "2"]
[White "Soto, Cristian Camilo"]
[Black "Mosquera Klinger, Miguel Alonso"]
[Result "0-1"]
[WhiteElo "2146"]
[BlackElo "2479"]
[PlyCount "52"]
[EventDate "2021.11.15"]
[EventType "swiss (blitz)"]
[EventRounds "13"]
[EventCountry "COL"]
[SourceTitle "CBM 205 Extra"]
[Source "ChessBase"]
[SourceDate "2022.01.31"]
[SourceVersion "1"]
[SourceVersionDate "2022.01.31"]
[SourceQuality "1"]

1. c4 Nf6 2. Nc3 e5 3. Nf3 Nc6 4. d4 exd4 5. Nxd4 Bc5 6. e3 0-0 7. Be2 d5 8. 0-0 Bxd4 9. exd4 dxc4 10. Be3 Be6 11. Bf3 Nd5 12. Rc1 a6 13. a4 Ncb4 14. Nxd5 Bxd5 15. Bxd5 Qxd5 16. Qd2 Nc6 17. Qc3 Na5 18. Bf4 Rac8 19. Rfe1 f6 20. Re7 Rf7 21. Rce1 Rxe7 22. Rxe7 Nc6 23. Re1 Nxd4 24. Kf1 c5 25. Re7 Nf5 26. Rxb7 Qxb7 0-1

[Event "COL-ch Rapid"]
[Site "Villavicencio"]
[Date "2021.11.14"]
[Round "8"]
[White "Cordoba Roa, Angel Gabriel"]
[Black "Mosquera Klinger, Miguel Alonso"]
[Result "1-0"]
[WhiteElo "1606"]
[BlackElo "2367"]
[PlyCount "87"]
[EventDate "2021.11.13"]
[EventType "swiss (rapid)"]
[EventRounds "9"]
[EventCountry "COL"]
[SourceTitle "CBM 205 Extra"]
[Source "ChessBase"]
[SourceDate "2022.01.31"]
[SourceVersion "1"]
[SourceVersionDate "2022.01.31"]
[SourceQuality "1"]

1. e4 Nf6 2. e5 Nd5 3. c4 Nb6 4. d4 d6 5. exd6 cxd6 6. Nc3 g6 7. Be3 Bg7 8. Rc1 0-0 9. Be2 e5 10. dxe5 dxe5 11. c5 N6d7 12. Nf3 Nc6 13. 0-0 Nf6 14. Qxd8 Rxd8 15. Bc4 h6 16. Nb5 e4 17. Nfd4 Ne5 18. Bb3 Bf8 19. Nd6 Bxd6 20. cxd6 Rxd6 21. Nb5 Rc6 22. Nc7 Rxc7 23. Rxc7 b6 24. Bxh6 Ba6 25. Rd1 Be2 26. Rd2 Bd3 27. Bf4 Nfd7 28. Bxf7+ Kxf7 29. Bxe5 Ke6 30. Bd4 Kd6 31. Rc3 Kd5 32. Be3 Ne5 33. f3 Rf8 34. Bf2 Ke6 35. fxe4 Bb5 36. Rd5 Ba6 37. h3 Bb7 38. Rd2 Rf4 39. Bg3 Rxe4 40. Rc7 Bd5 41. Bxe5 Rxe5 42. Rxa7 Re1+ 43. Kh2 Ra1 44. Ra6 1-0

[Event "COL-ch Rapid"]
[Site "Villavicencio"]
[Date "2021.11.14"]
[Round "9"]
[White "Mosquera Klinger, Miguel Alonso"]
[Black "Herrera, Juan Sebastian"]
[Result "1-0"]
[WhiteElo "2367"]
[BlackElo "2302"]
[PlyCount "76"]
[EventDate "2021.11.13"]
[EventType "swiss (rapid)"]
[EventRounds "9"]
[EventCountry "COL"]
[SourceTitle "CBM 205 Extra"]
[Source "ChessBase"]
[SourceDate "2022.01.31"]
[SourceVersion "1"]
[SourceVersionDate "2022.01.31"]
[SourceQuality "1"]

1. e4 c5 2. c3 Nf6 3. e5 Nd5 4. d4 cxd4 5. Qxd4 e6 6. Nf3 d6 7. Bc4 Nc6 8. Qe4 Be7 9. 0-0 dxe5 10. Nxe5 Nxe5 11. Qxe5 Bf6 12. Qg3 Nb6 13. Bb3 0-0 14. Nd2 Bd7 15. Ne4 Bh4 16. Qe5 Bc6 17. Rd1 Nd7 18. Qf4 e5 19. Qg4 Be7 20. Bh6 g6 21. Bxf8 Kxf8 22. Nd6 Bxd6 23. Rxd6 Qe7 24. Rad1 Nc5 25. Bc2 h5 26. Qc4 Ne6 27. Bxg6 Bxg2 28. Rxe6 fxe6 29. Kxg2 Qg5+ 30. Kh1 Qxg6 31. Rg1 Qf6 32. Qc5+ Ke8 33. Qb5+ Kf8 34. Qc5+ Ke8 35. Qb5+ Kf8 36. Qc5+ Ke8 37. Rg5 Qf3+ 38. Kg1 Rd8 1-0

[Event "Bogota El Tablazo Blitz op"]
[Site "Bogota"]
[Date "2021.11.07"]
[Round "5"]
[White "Mosquera Klinger, Miguel Alonso"]
[Black "Rodriguez Mayorga, Julian E"]
[Result "1-0"]
[WhiteElo "2479"]
[BlackElo "2050"]
[PlyCount "89"]
[EventDate "2021.11.07"]
[EventType "swiss"]
[EventRounds "14"]
[EventCountry "COL"]
[SourceTitle "CBM 205 Extra"]
[Source "ChessBase"]
[SourceDate "2022.01.31"]
[SourceVersion "1"]
[SourceVersionDate "2022.01.31"]
[SourceQuality "1"]

1. e4 e6 2. d4 d5 3. Nd2 c5 4. exd5 exd5 5. Bb5+ Nc6 6. Ngf3 Nf6 7. Qe2+ Be7 8. dxc5 0-0 9. Nb3 Re8 10. Be3 Bg4 11. 0-0-0 Ne4 12. h3 Be6 13. Kb1 a6 14. Bd3 Qc7 15. g4 a5 16. a4 Nb4 17. Bb5 Rec8 18. Nfd4 Bf6 19. c3 Nc6 20. h4 g6 21. Bd3 Ne5 22. Bxe4 dxe4 23. Nxe6 fxe6 24. Bf4 Qc6 25. g5 Bg7 26. Bxe5 Bxe5 27. Qc4 Bg7 28. Rhe1 Rd8 29. Rxd8+ Rxd8 30. Rxe4 Rd5 31. Nxa5 Qd7 32. Ka2 Kf7 33. Nb3 Qc6 34. Qb5 Qc7 35. Rb4 Rd7 36. Na5 Re7 37. Nxb7 Qe5 38. Nd6+ Kg8 39. a5 Bf8 40. a6 Rc7 41. Ne4 Bxc5 42. Rc4 Qd5 43. Nxc5 e5 44. Qe8+ Kg7 45. Ne6+ 1-0

[Event "Medellin Luces op"]
[Site "Medellin"]
[Date "2020.12.15"]
[Round "7"]
[White "Mosquera Klinger, Miguel Alonso"]
[Black "Marquez Velez, Juan Diego"]
[Result "1/2-1/2"]
[WhiteElo "2374"]
[BlackElo "1966"]
[PlyCount "23"]
[EventDate "2020.12.12"]
[EventType "swiss"]
[EventRounds "7"]
[EventCountry "COL"]
[SourceTitle "CBM 199 Extra"]
[Source "ChessBase"]
[SourceDate "2021.01.31"]
[SourceVersion "1"]
[SourceVersionDate "2021.01.31"]
[SourceQuality "1"]

1. e4 c5 2. Nf3 Nc6 3. c3 Nf6 4. e5 Nd5 5. d4 cxd4 6. Bc4 Nb6 7. Bb3 d5 8. exd6 Qxd6 9. 0-0 Be6 10. Bxe6 Qxe6 11. Nxd4 Nxd4 12. Qxd4 1/2-1/2